000 00945nam a2200265 a 4500
001 BRL_201
005 20190320210630.0
008 131212s1982----enk#######---#000-0#eng-#
020 _a0950826502
041 _aeng
044 _aenk
050 4 _aE51.5
_b.A27 1982
111 2 _aInternational Congress of Americanists
_n(44°
_d1982
_cManchester)
_923206
245 1 0 _aAbstracts
_b44th congress of Americanist = Resumenes : 44º Congreso Internacional de Americanistas.
260 _aInglaterra
_bManchester University
_c1982
300 _a552 p.
_c24 cm.
500 _aIncluye índice de autores
500 _aAu220
611 2 4 _a44º Congreso Internacional de Americanistas
_cManchester (Inglaterra)
_vResúmenes
_923207
650 1 4 _aEtnología
_vCongresos
_zAmérica
_923208
651 4 _aAmérica
_vCongresos
_xCivilización
_923209
740 0 _aResumenes : 44º Congreso Internacional de Americanistas
902 _aGRL
942 _2lcc
_cB
999 _c9014
_d9014